000 01810cam a2200529 a 4500
999 _c23326
_d23326
001 vtls010609150
005 20221003073308.0
008 180601s2014 xo o g 001 0 slo
020 _a9788055611532
_q(brož.)
035 _a710960C0-9465-443B-96B7-AEBDD9E27009
035 _aurn:nbn:sk:snk-am3h5q1
035 _aurn:nbn:sk:snk-am008z17
040 _aSVKBB
_bslo
_cSVKBB
_dSNK
_eAACR2
041 1 _aslo
_heng
044 _axo
_cSK
072 7 _a159.96
_xZvláštne duševné stavy a procesy
_2konspekt
080 _a2-167.2
_22001
080 _a159.96
_22001
080 _a615.851
_22001
080 _a133.4+2-545/-547
_22001
080 _a(0:82-32)
_22001
080 _a(0.062)
_22001
080 _a133.3
_22001
100 1 _aNewcomb, Jacky
_93330
240 1 0 _aAngel Blessings
_lSlovensky
245 1 0 _aAnjelské požehnania
_bmagické príbehy, afirmácie a tvorivé nápady
_cJacky Newcomb ; [z anglického originálu ... preložila Zora Ličková]
250 _a1. slov. vyd.
260 _aBratislava
_bSlovart
_c2014
300 _a208 s.
_bfotogr.
_c23 cm
650 0 7 _aanjeli
_2SNKPH
_92492
650 0 7 _amimozmyslové vnímanie
_2SNKPH
_92146
650 0 7 _aAngels
_2SNKPHeng
_93331
650 0 7 _aExtrasensual perception
_2SNKPHeng
_92147
650 0 7 _achanneling
_2SNKPH
_93332
650 0 7 _auzdravovanie
_2SNKPH
_93333
650 0 7 _aHealing
_2SNKPHeng
_91879
650 0 7 _amagické rituály
_2SNKPH
_93334
650 0 7 _aMagical rituals
_2SNKPHeng
_93335
655 7 _apríbehy
_2SNKPH
_92455
655 7 _apopulárno-náučné publikácie
_2SNKPH
_91486
655 7 _aStories
_2SNKPHeng
_91706
655 7 _aPopular works
_2SNKPHeng
_91487
700 1 _aLičková, Zora,
_d1959-
_4trl
_93336
958 _aNT
958 _aOP